000 00275nam a22001337a 4500
020 _a0-553-27811-8
082 _a823
_bSEG/D
100 _aSEGAL,ERICH
245 _aDOCTORS
260 _aLONDON
_bBANTAM BOOK
300 _a678
650 _aNOVEL ENGLISH
_zLONDON
942 _cBK
999 _c3293
_d3293